Modelovanie a optimalizácia investičnej stratégie penzijného fondu dizertačná práca

Guardado en:
Detalles Bibliográficos
Autor principal: Tuš, Branislav
Autor Corporativo: Fakulta hospodárskej informatiky EU. Katedra operačného výskumu a ekonometrie
Otros Autores: Mlynarovič, Vladimír
Formato: Libro
Lenguaje:eslovaco
Publicado: Bratislava 2011
Materias:
Etiquetas: Agregar Etiqueta
Sin Etiquetas, Sea el primero en etiquetar este registro!

MARC

LEADER 00000nam a2200000 4500
001 0134744
005 20240109073805.4
041 0 |a slo 
044 |a SK 
245 1 0 |a Modelovanie a optimalizácia investičnej stratégie penzijného fondu  |b dizertačná práca  |c Branislav Tuš ; školiteľ: Vladimír Mlynarovič 
264 1 |a Bratislava  |c 2011 
300 |a 172 s. 
610 2 0 |a modelovanie ekonometrické 
610 2 0 |a modely analytické ekonometrické 
610 2 0 |a analýza technická 
610 2 0 |a stratégia investičná 
610 2 0 |a fondy penzijné 
100 1 |a Tuš, Branislav 
700 1 |a Mlynarovič, Vladimír 
710 2 |a Fakulta hospodárskej informatiky EU. Katedra operačného výskumu a ekonometrie